| 000 | 00710cam a2200181 4500 | ||
|---|---|---|---|
| 005 | 20250912122144.0 | ||
| 008 | 250708b ag |||||||| |||| 00| 0 spa d | ||
| 020 | _a9501408906 | ||
| 050 | 0 | 4 |
_aKHA3446.D64 _bS24 1996 |
| 100 | 1 | _aSagarna, Fernando Alfredo | |
| 245 | 4 |
_aLos trasplantes de órganos en el derecho _b : doctrina, legislación, jurisprudencia, legislación y derecho comparados _c/ Fernando Alfredo Sagarna. |
|
| 250 | _a1a ed. | ||
| 260 |
_aBuenos Aires : _bEdiciones Depalma, _c1996 |
||
| 300 |
_axxxiv, 505 p. ; _c23 cm. |
||
| 504 | _aIncluye apéndice, bibliografía : p. 491-505 | ||
| 650 | 7 |
_2lemb _aTrasplantes de órganos, tejidos, etc. _xLegislación _xArgentina |
|
| 942 |
_2lcc _cLIB |
||
| 999 |
_c133808 _d133808 |
||